Tục ngữ Thái
Bao gồm 2 phần chính: Thành ngữ Thái: Quán chiếm láng nhá váy xia lạ; Thành ngữ tiếng Việt: Bản Mường giàu đẹp, nhận thức về tự nhiên và lao động sản xuất, mối quan hệ con người và xã hội.
Na minha lista:
| Formato: | Livro |
|---|---|
| Idioma: | Undetermined |
| Publicado em: |
Hà Nội
Sân khấu
2018
|
| Assuntos: | |
| Tags: |
Adicionar Tag
Sem tags, seja o primeiro a adicionar uma tag!
|
| Thư viện lưu trữ: | Trung tâm Học liệu Trường Đại học Cần Thơ |
|---|
| LEADER | 00832nam a2200181Ia 4500 | ||
|---|---|---|---|
| 001 | CTU_229818 | ||
| 008 | 210402s9999 xx 000 0 und d | ||
| 082 | |a 398.9597 | ||
| 082 | |b T506 | ||
| 245 | 0 | |a Tục ngữ Thái | |
| 245 | 0 | |c Hà Văn Năm (Sưu tầm và biên dịch) ... [et al.] | |
| 260 | |a Hà Nội | ||
| 260 | |b Sân khấu | ||
| 260 | |c 2018 | ||
| 520 | |a Bao gồm 2 phần chính: Thành ngữ Thái: Quán chiếm láng nhá váy xia lạ; Thành ngữ tiếng Việt: Bản Mường giàu đẹp, nhận thức về tự nhiên và lao động sản xuất, mối quan hệ con người và xã hội. | ||
| 650 | |a Tục ngữ Việt Nam,Proverb, Vietnamese | ||
| 910 | |b nthai | ||
| 980 | |a Trung tâm Học liệu Trường Đại học Cần Thơ | ||